| 000 | 00722 a2200157 4500 | ||
|---|---|---|---|
| 003 | Nust | ||
| 005 | 20230315095012.0 | ||
| 040 | _cNust | ||
| 082 | _a384.5,MAU | ||
| 100 |
_aJ. O. Mauborgne _9110291 |
||
| 245 |
_aPractical uses of the Wave Meter in Wireless Telegraphy / _cJ. O. Mauborgne |
||
| 260 |
_aLondon _bMcGraw-Hill _c1913 |
||
| 300 | _a74pages | ||
| 505 | _aGeneral Remarks (Page-1), Types of Wave Meters in use in the U.S. Signal Corps (Page-11), Uses of Wave Meters (Page-20), Tuning the Sending Station (Page-22), Measurement of Damping and Logarithmic Decrement (Page-31), Measurement of Wave length of the receiving station (Page-48), Measurements of Capacity and Inductance (Page-59). | ||
| 942 |
_2ddc _cBK |
||
| 999 |
_c193933 _d193933 |
||